Escuela popular comunitaria de adultos: descripción y reflexiones después de un año de actividades
Guardat en:
| Autor principal: | |
|---|---|
| Format: | Llibre |
| Idioma: | espanyol |
| Publicat: |
Santiago
P.I.I.E
1991
|
| Col·lecció: | Serie educación y comunidad, 1
|
| Matèries: | |
| Etiquetes: |
Afegir etiqueta
Sense etiquetes, Sigues el primer a etiquetar aquest registre!
|
MARC
| LEADER | 00000nam a2200000 a 4500 | ||
|---|---|---|---|
| 001 | UCW6375 | ||
| 003 | CL-VaPUC | ||
| 008 | 911129e19910000CL |||||||||||||||||spa|d | ||
| 082 | 0 | 4 | |a 374 |b MAG |2 21 |
| 100 | |a Magendzo K., Abraham |e autor |9 616737 | ||
| 245 | 1 | 0 | |a Escuela popular comunitaria de adultos: descripción y reflexiones después de un año de actividades |
| 300 | |a 70 p | ||
| 942 | |c BK | ||
| 945 | |d 19911129 00:00:00 | ||
| 260 | |a Santiago |b P.I.I.E |c 1991 | ||
| 650 | 0 | |a Educación de adultos |9 307580 | |
| 583 | |a last modification |c 19911129 00:00:00 |k Rodrigo Vera | ||
| 490 | 0 | |a Serie educación y comunidad, 1 | |
| 999 | |c 219457 |d 219455 | ||
| 952 | |0 0 |1 0 |4 0 |6 374_000000000000000_MAG_1991 |7 0 |8 A |9 210398 |a BIBEDU |b BIBEDU |d 2019-11-15 |i 278517K |o 374 MAG 1991 |p 278517K |r 2019-11-15 |w 2019-11-15 |y BK |k EDU | ||